000 00774pab a2200169 454500
008 180718b1997 xxu||||| |||| 00| 0 eng d
100 _aWashington, Sally
245 _aManaging government ethics
260 _c1997
300 _ap.15-17
362 _aFeb-Mar
520 _aFew, if any, OECD countries have escaped occasional headlines pointing to government scandals, exposing anything from inappropriate behaviour to full-scale corruption, on the part of both politicians and civil servants. Politicians can be dealt with at the polls, if not through the judicial system. But what can be done to ensure integrity in the machinery of government? - Reproduced
650 _aCivil service ethics
650 _aCivil service
773 _aOECD Observer
909 _a33774
999 _c33774
_d33774